|
|
|
|
| LEADER |
01150nam a2200385 4500 |
| 001 |
DLU110120044 |
| 005 |
##20110420 |
| 008 |
##050816s2003 caua 000 0 eng d |
| 010 |
# |
# |
|a 2005281128
|
| 020 |
# |
# |
|a 1580085326 (pbk.)
|
| 035 |
# |
# |
|a (OCoLC)ocm52545878
|
| 040 |
# |
# |
|a ORX
|c ORX
|d MIR
|d OCLCQ
|d NOR
|d BAKER
|d DLC
|
| 042 |
# |
# |
|a lccopycat
|
| 043 |
# |
# |
|a n-us---
|
| 082 |
# |
# |
|a 378.198
|b CO-P
|
| 100 |
# |
# |
|a Combs, Patrick.
|
| 245 |
# |
# |
|a Major in success :
|b make college easier, fire up your dreams, and get a very cool job /
|c Patrick Combs ; [with a foreword by Jack Canfield].
|
| 250 |
# |
# |
|a 4th ed.
|
| 260 |
# |
# |
|a Berkeley, CA :
|b Ten Speed Press,
|c c2003.
|
| 300 |
# |
# |
|a xiii, 173 p. :
|b ill. ;
|c 24 cm.
|
| 650 |
# |
# |
|a Career development
|z United States.
|
| 650 |
# |
# |
|a College student orientation
|z United States.
|
| 650 |
# |
# |
|a Study skills
|z United States.
|
| 650 |
# |
# |
|a Success
|z United States.
|
| 923 |
# |
# |
|a 01/2011NN
|
| 991 |
# |
# |
|a GT
|
| 992 |
# |
# |
|a 0
|
| 994 |
# |
# |
|a KNN
|
| 900 |
# |
# |
|a True
|
| 911 |
# |
# |
|a Đào Thị Thu Huyền
|
| 925 |
# |
# |
|a G
|
| 926 |
# |
# |
|a A
|
| 927 |
# |
# |
|a SH
|
| 980 |
# |
# |
|a Thư viện Trường Đại học Đà Lạt
|